Online Catalogue and eLibrary

The process and the effects of modernization in Indian rural communities (Record no. 1242)

MARC details
000 -LEADER
fixed length control field 00277nam a2200097Ia 4500
008 - FIXED-LENGTH DATA ELEMENTS--GENERAL INFORMATION
fixed length control field 240331s9999 xx 000 0 und d
082 ## - DDC Classification
Class No. 303.4
Item Number - Author Mark PRO
100 ## - MAIN ENTRY--PERSONAL NAME
Personal name Thekkamalai, S.S. ed
245 #4 - TITLE STATEMENT
Title The process and the effects of modernization in Indian rural communities
942 ## - Koha item type (Biblio)
Koha item type Books in Stacks (Lending)
Holdings
Lost status Damaged status Collection code Home library Current library Shelving location Date acquired Full call number Accession Number Item type
    Lending WERC Library WERC Library Social Science Cupboard 03/31/2024 303.4 PRO 615 Books in Stacks (Lending)

© WERC Library